Responses for Show #3042 - Tuesday, November 18, 1997

1997 Power Players Week game 2.
From DAR Constitution Hall in Washington, D.C.

Contestants

[<< previous game]

Tom Clancy, a bestselling author from The Hunt for Red October

Catherine Crier, a journalist from The Crier Report

Tim Russert, a journalist from Meet the Press

[next game >>]

Jeopardy! Round responses

PEOPLE
SPORTS
S-S-SNAKES-S-S
AMERICAN HISTORY
REAL ESTATE
COLOR MY WORLD
(Alex: And in that category, a different color will come up as a correct response for each clue.)
    $100 1
Walter Cronkite

Tim
    $100 17
(Tom: I've never got one!)

2

Tom
    $100 6
(Tim: What is bite?)
(Tom: Grow a year?)

sheds its skin

TimTom
    $100 11
Statue of Liberty

Tom
    $100 26
Location

Catherine
    $100 13
Green thumb

Tom
    $200 2
Dan Quayle

Tim
    $200 18
Lou Gehrig

Tom
    $200 7
Venom

Tom
    $200 12
Sweatshops

Catherine
    $200 27
[The end-of-round signal sounds.]

equity

Tom
    $200 21
Yellow ribbon

Catherine
    $300 3
Mel Gibson

Catherine
    $300 19
(Tim: Who are the Rockets?)

Colt .45's

Tim
Triple Stumper
    $300 8
Anaconda

Catherine
    $300 14
Louisiana Purchase

Tom
    $300 22
(Alex: We have a minute to go.)

Agent Orange

Catherine
    $500 4
Sonny Bono

Catherine
    $400 20
Hawks

Catherine
    $400 9
Asp

Tom
    $400 15
Sedition Acts

Catherine
    $400 23
"Blue Boy"

Tom
    $500 5
Yoko Ono

Catherine
    $500 25
(Catherine: Who was Secretariat?)

John Henry

CatherineTom
    $500 10
Fer-de-lance

Tom
    $500 16
John C. Calhoun

Tim
    $500 24
"Red"

Tom

Scores at the first commercial break (after clue 12):

Tim Catherine Tom
$200 $1,800 $1,300

Scores at the end of the Jeopardy! Round:

Tim Catherine Tom
$400 $2,700 $3,600

Double Jeopardy! Round responses

COMING OUT
SCANDALS
MOM'S A BAD COOK
TALK SHOW HOSTS
"HOT" AIR
READ ANY GOOD BOOKS?
    $200 7
Curtsey

Catherine
    $200 11
Gold

Tom
    $200 6
Food poisoning

Triple Stumper
    $200 1
Tom Snyder

Tim
    $200 21
While the iron is hot

Tom
    $200 25
"Roots"

Tom
    $400 8
White

Catherine
    $400 12
(Tom: What are derivatives?)

Insider trading

CatherineTom
    $400 17
Blender

Catherine
    $400 2
Larry King

Catherine
    $400 22
Red Hots

Tom
    $400 26
Stephen King

Tom
    $600 9
Brassiere

Catherine
    $600 14
Sotheby's

Tim
    $600 18
Noodles

Catherine
    $600 3
Bill Maher

Tim
    $1,000 23
Some Like It Hot

Tom
    $600 27
"Gulliver's Travels"

Tom
    $800 10
Cotillion

Tom
    $800 15
Jim Wright

Catherine
    $800 19
Cake

Tom
    $1,200 4
Charles Grodin

Tim
    $800 24
(Alex: We have a minute to go.)

"Hot Stuff"

Triple Stumper
    $800 28
"Lonesome Dove"

Tom
    $1000 13
Junior League

Tom
    $1000 16
Warren G. Harding

Tom
    $1000 20
filets/fillets

Tom
    $1000 5
Regis Philbin

Catherine
    $1000 29
(Catherine: What is London?)
...
[The end-of-round signal sounds.]

San Francisco

Catherine
Triple Stumper

Scores at the end of the Double Jeopardy! Round:

Tim Catherine Tom
$3,000 $6,500 $11,600

[wagering suggestions for these scores]

Final Jeopardy! Round responses

FLAGS
TimWhat is Horse?
$3,000
CatherineWhat a slow
$6,500
TomWhat is the Greyhound?
$11,600
Horse

Final scores:

Tim Catherine Tom
$6,000 $0 $0
Winner: $15,000 for the Boys & Girls Clubs of Washington, D.C. 3rd place: $10,000 for the Boys & Girls Clubs of Westchester County 2nd place: $10,000 for the Kyle Foundation

Game dynamics:

Coryat scores:

Tim Catherine Tom
$2,600 $6,400 $11,200
7 R
(including 1 DD),
2 W
19 R
(including 1 DD),
2 W
26 R
(including 1 DD),
1 W

Combined Coryat: $20,200

[game clues] [game scores] [suggest correction]

Game tape date: 1997-11-01
The J! Archive is created by fans, for fans. Scraping, republication, monetization, and malicious use prohibited; this site may use cookies and collect identifying information. See terms. The Jeopardy! game show and all elements thereof, including but not limited to copyright and trademark thereto, are the property of Jeopardy Productions, Inc. and are protected under law. This website is not affiliated with, sponsored by, or operated by Jeopardy Productions, Inc. Join the discussion at JBoard.tv.